000 00549nam a2200193Ia 4500
005 20250508164004.0
008 008 250505s9999 xx 000 0 hin d
037 _aTextual
040 _aFEDL
_beng
_cFEDL
041 _ahin
_2eng
084 _a363.7, SUR
_qFEDL
100 _aSuresh Chander
245 0 _aParyavaran pradushan awam manav swasthya
260 _aNew Delhi, India
_bArya Book Depot
_c2002
300 _a134p.
650 _aEnvironmental Education
_9766882
942 _cTEXL
_h363.7, SUR
999 _c1386445
_d1386445